The scholar's vade mecum : or, a new dictionary, Latin and English. ... For the use of schools. By James Moir, ...

Bibliographic Details
Main Author: Moir, James, teacher of languages
Format: eBook
Language:English
Series:Eighteenth century collections online.
Online Access:Full text online

MARC

Tag First Indicator Second Indicator Subfields
LEADER 00000cam a2200000 4500
001 in00001925296
006 m | d |
007 cr |n||||||||n
008 800225s1775 stk|||| s 00||||eng d
005 20260414175204.0
035 |a (CStRLIN)ESTCT95372 
040 |a Uk-ES  |c Uk-ES  |d Cu-RivES  |d CStRLIN  |d Thomson Gale  |d UtOrBLW 
100 1 |a Moir, James,  |c teacher of languages. 
245 1 4 |a The scholar's vade mecum :  |b or, a new dictionary, Latin and English. ... For the use of schools. By James Moir, ... 
264 3 |a Edinburgh :  |b printed by James Donaldson, for the author, and sold at his house; and by Alexander Donaldson, London, and at Edinburgh; and by all the booksellers in town and country,  |c 1775. 
300 |a viii, 436 unnumbered pages ;  |c 8⁰. 
336 |a text  |b txt  |2 rdacontent 
337 |a computer  |b c  |2 rdamedia 
338 |a online resource  |b cr  |2 rdacarrier 
500 |a Reproduction of original from the British Library. 
510 4 |a English Short Title Catalog,  |c ESTCT95372. 
533 |a Electronic reproduction.  |b Farmington Hills, Mich. :  |c Thomson Gale,  |d 2003.  |n Available via the World Wide Web.  |n Access limited by licensing agreements  |7 s2003 miunns 
500 |a Electronic resource. 
830 0 |a Eighteenth century collections online. 
856 4 0 |u http://proxy.library.tamu.edu/login?url=https://galenet.galegroup.com/servlet/ECCO?c=1&stp=Author&ste=11&af=BN&ae=T095372&tiPG=1&dd=0&dc=flc&docNum=CW112224126&vrsn=1.0&srchtp=a&d4=0.33&n=10&SU=0LRK&locID=txshracd2898  |z Full text online  |t 0 
999 |a MARS 
999 f f |s 12d8dfda-c93d-3088-af5b-9027d9367b0f  |i 9f6a84f9-9860-3a5d-a910-cd6abcfda75f  |t 0 
952 f f |a Texas A&M University  |b College Station  |c Electronic Resources  |s www_evans  |d Available Online  |t 0  |h No information provided 
998 f f |t 0  |l Available Online